000 00692nam a2200169 i 4500
001 166593
003 ES-MaACL
005 20230906213350.0
008 961202s1868 sp |||| | spa d
100 1 _aNager, José María.
_9143331
245 1 0 _aExposición de los religiosos de la Trapa a su majestad la reina Doña Isabel II /
_c[José María Nager].
260 _aMadrid :
_b[s.n.],
_c1868 (
_fImp. de R. Labajos)
300 _a8 p. ;
_c21 cm.
594 _aAutor tomado de final del texto.
610 2 4 _aTrapenses-
_zEspaña.
_9143332
852 _aES-MaACL
_jD-260(1)
_z- Enc. en un vol. facticio, formando parte de la col. facticia "Estudios penitenciarios", n. 6
_z.- Donativo Lastres
999 _c166593
_d166593